00425nam a22001577a 4500003000400000005001700004008004100021020001800062040000800080082001600088245004400104260003800148300001100186700003600197700003400233OSt20260421143910.0260421b |||||||| |||| 00| 0 eng d a9781032551531 ckul a579.6 SRI.E aEcology of macrofungi b: an overview / aBoca Raton :bCRC press ,cc2024. a336 p. 4EditoraSridhar R., Khandikere 4EditoraDeshmukh, Sunil Kumar